Traffic Light Colors Blitz Quiz Stats

 Plays Quiz Updated Jun 10, 2017

Support Sporcle.
Go Orange.
Score 0/30 Timer 01:00
1 Play Today
Hint Answer % Correct
A clown's nose???
97.5%
The Incredible Hulk???
93.3%
Dr. Seuss' '__________ Eggs and Ham'???
92.4%
Grass???
92.2%
The Little Mermaid's hair???
92%
SpongeBob SquarePants???
89.3%
Strawberries???
89.1%
Lemons???
87.5%
Shrek???
86.4%
Bananas???
84.4%
Sunflowers???
81.4%
London's double-decker buses???
80.9%
Ketchup???
80.3%
The __________ Brick Road???
79.4%
The Grinch???
78.6%
Hint Answer % Correct
The disease '_________ fever'???
78.5%
Papa Smurf's pants???
68.5%
Rachel _______ (Friends)???
67.3%
The circle on Japan's flag???
66.6%
Unripe tomatoes???
64.7%
Laa-Laa (Teletubbies)???
64.5%
Parsley???
63.4%
Peter Griffin's pants???
60.9%
Dandelions???
56.4%
Maggie Simpson's pacifier???
54.9%
Soccer: the send-off card???
49.4%
Sesame Street's Big Bird???
48.9%
Jessica Rabbit's dress???
46.4%
UB 40's '_____ _____ Wine'???
37.5%
The left-most stripe on Italy's flag???
23.6%

You're not logged in!

Compare scores with friends on all Sporcle quizzes.
OR
Log In
Forgot?

From the Vault

Leaders of the UK Conservative Party

by BenUK

Most anyone outside the UK should at least get two of the answers on this quiz...more if you are addicted to BBC television.
Remove Ads.
Support Sporcle.
Get the best of Sporcle when you Go Orange. This ad-free experience offers more features, more stats, and more fun while also helping to support Sporcle. Thank you for becoming a member.

Show Comments

Extras

Top Quizzes Today


Score Distribution

Your Account Isn't Verified!

In order to create a playlist on Sporcle, you need to verify the email address you used during registration. Go to your Sporcle Settings to finish the process.

Report this User

Report this user for behavior that violates our Community Guidelines.

Details: